• 首页
  • 本馆介绍
  • 公告通知
  • 最新文献
  • 馆藏检索
  • 电子资源
  • 读者导购
  • 参考咨询
  • 我的图书馆
  • 登录
  • 详细信息显示
  • 放入我的书架
  • 预约/预借图书
  • 作者相关作品
  • 分类相关作品
  • 丛书相关作品
  • 出版社相关作品

书目信息

  • 表格格式
  • 工作单格式
  • 卡片格式
题名:
过程流体机械
    
 
作者: 李云 , 姜培正 主编
分册:  
出版信息: 北京   化学工业出版社  2008
页数: 247页
开本: 26cm
丛书名: 过程装备与控制工程专业及相关课程教材
单 册:
中图分类: TQ021.5
科图分类:
主题词: 化工过程--Hua Gong Guo Cheng--流体机械--高等学校--教材
电子资源:
ISBN: 978-7-122-03226-3
000 01255nam 2200313 450
001 012001000122
005 20191107171935.01
010    @a978-7-122-03226-3@dCNY29.80
099    @aCAL 012008153527
100    @a20080917d2008 em y0chiy50 ea
101 0  @achi
102    @aCN@b110000
105    @aak a 000yy
106    @ar
200 1  @a过程流体机械@AGuo Cheng Liu Ti Ji Xie@f李云, 姜培正主编
205    @a第2版
210    @a北京@c化学工业出版社@d2008
215    @a247页@c图@d26cm
225 2  @a过程装备与控制工程专业及相关课程教材@AGuo Cheng Zhuang Bei Yu Kong Zhi Gong Cheng Zhuan Ye Ji Xiang Guan Ke Cheng Jiao Cai
300    @a普通高等教育“十一五”国家级规划教材
320    @a有书目
330    @a本书以流体机械中应用广泛并具有典型性的活塞式、离心式压缩机和泵为主要对象,阐述了它们的工作原理、结构形式、运行特性、调节方法和机器的安全可靠性等方面的基本知识,并注意联系一些化工厂与石油炼制、石油化工厂的特点和发展趋势。
410  0 @12001@@a过程装备与控制工程专业及相关课程教材
606 0  @a化工过程@AHua Gong Guo Cheng@x流体机械@x高等学校@j教材
690    @aTQ021.5@v4
701  0 @a李云@ALi Yun@4主编
701  0 @a姜培正@AJiang Pei Zheng@4主编
801  0 @aCN@b北京卓展文化@c20191020
905    @b1195427-30@dTQ021.5@e477=2@f4
    
    过程流体机械/李云, 姜培正主编.-第2版.-北京:化学工业出版社,2008
    247页:图;26cm.-(过程装备与控制工程专业及相关课程教材)
    普通高等教育“十一五”国家级规划教材
    
    ISBN 978-7-122-03226-3:CNY29.80
    本书以流体机械中应用广泛并具有典型性的活塞式、离心式压缩机和泵为主要对象,阐述了它们的工作原理、结构形式、运行特性、调节方法和机器的安全可靠性等方面的基本知识,并注意联系一些化工厂与石油炼制、石油化工厂的特点和发展趋势。
●
相关链接 在E读中查询图书 在五车中查询图书 在当当中查询图书 在豆瓣中查询图书


正题名:过程流体机械     索取号:TQ021.5/477=2         预约/预借

序号 登录号 条形码 馆藏地/架位号 状态 备注
1 1195427   211954278   第二样本阅览室/ [索取号:TQ021.5/477=2] 在馆    
2 1195428   211954287   第三借阅区/ [索取号:TQ021.5/477=2] 在馆    
3 1195429   211954296   第三借阅区/ [索取号:TQ021.5/477=2] 在馆    
4 1195430   211954303   第三借阅区/ [索取号:TQ021.5/477=2] 在馆    
唐山师范学院图书馆 欢迎您!
大连网信软件有限公司© 版权所有